La sentencia administrativa su impugnación y efectos
Zapisane w:
| 1. autor: | |
|---|---|
| Format: | Książka |
| Język: | hiszpański |
| Wydane: |
Madrid
Instituto de Estudios Políticos
1954
|
| Seria: | Estudios de Administración
|
| Hasła przedmiotowe: | |
| Etykiety: |
Dodaj etykietę
Nie ma etykietki, Dołącz pierwszą etykiete!
|
MARC
| LEADER | 00000nam a2200000 a 4500 | ||
|---|---|---|---|
| 001 | UCS0568 | ||
| 003 | CL-VaPUC | ||
| 008 | 970426e19540000SP |||||||||||||||||spa|d | ||
| 082 | 0 | 4 | |a 342.066 |b GON |2 21 |
| 100 | |a González Pérez, Jesús |e author |9 432119 | ||
| 245 | 1 | 3 | |a La sentencia administrativa su impugnación y efectos |
| 300 | |a 354 p | ||
| 942 | |c BK | ||
| 945 | |d 19970426 00:00:00 |a paguirre | ||
| 260 | |a Madrid |b Instituto de Estudios Políticos |c 1954 | ||
| 650 | 0 | |a Derecho administrativo |9 254851 | |
| 650 | 7 | |a CONTENCIOSO ADMINISTRATIVO |2 CL-VaPUC |9 255490 | |
| 650 | 0 | |a Sentencias |9 256250 | |
| 650 | 0 | |a Procedimiento administrativo |9 256132 | |
| 650 | 7 | |a TRIBUNALES CONTENCIOSO ADMINISTRATIVOS |2 CL-VaPUC |9 384236 | |
| 583 | |a last modification |c 19970426 00:00:00 |k Rodrigo Vera | ||
| 490 | 0 | |a Estudios de Administración | |
| 999 | |c 258790 |d 258788 | ||
| 952 | |0 0 |1 0 |4 0 |6 342_066000000000000_GON_1954 |7 0 |8 A |9 283092 |a BIBDER |b BIBDER |d 2019-11-19 |i 1836994 |o 342.066 GON 1954 |p 1836994 |r 2023-01-25 |w 2019-11-19 |y BK |k DER | ||